00966cam a22003614i 4500003000900000005001700009008004100026020001500067035002700082040003300109082002200142100003100164245003500195264006300230300003900293336002100332337002500353338002300378505005800401526001000459526001000469526001000479526001000489526000800499526000800507526000800515526000800523526000800531526000800539526000800547630004400555650000500599PE-LiUPU20250731173553.0150616s r 000 0 d a0807400556 a(Sirsi) i9780807400555 aPE-LiUPUbspacPE-LiUPUerda04a222.1077bT882211 aGunther Plaut, W.,eautor.14aThe Torah /cW. Gunther Plaut. 1aNew York :bUnion of American Hebrew Congregations,c1981. a1787 páginas ;c27 centímetros atext2rdacontent aunmediated2rdamedia avolume2rdacarrier0 aGenesis.- Exodus.- Leviticus.- Numbers.- Deuteronomy. aSEG42 aSEG41 aSEG40 aSEG39 aP94 aP87 aP86 aP85 aP77 aP76 aP35 aBiblia.pA.T.pPentateucoxComentarios.04a